[Event "Abe Yanofsky mem."]
[Site "Winnipeg CAN"]
[Date "2005.09.04"]
[Round "3"]
[White "Klassen, Paul"]
[Black "Gustafson, Dale"]
[Result "0-1"]
[WhiteElo "1461"]
[BlackElo "1822"]
[PlyCount "117"]
[GameId "2160767910900388"]
[EventDate "2005.09.03"]
[EventType "swiss"]
[EventRounds "6"]
[EventCountry "CAN"]
[SourceTitle "CBM 108 Extra"]
[Source "ChessBase"]
[SourceDate "2005.11.04"]
[SourceVersion "1"]
[SourceVersionDate "2005.11.04"]
[SourceQuality "1"]

1. d4 Nf6 2. e3 g6 3. Bd3 Bg7 4. f4 O-O 5. Nf3 d6 6. O-O c5 7. c3 b6 8. Nbd2 Ba6 9. Bxa6 Nxa6 10. b3 Nd5 11. Qe2 Nac7 12. Bb2 a5 13. a4 Rb8 14. Nc4 Ne6 15. Nfd2 cxd4 16. cxd4 Nb4 17. Nf3 Rc8 18. Rfc1 Rb8 19. Bc3 Nd5 20. Bb2 Qd7 21. Rc2 Rfc8 22. Qf2 Nb4 23. Rc3 Nc7 24. Ncd2 Ncd5 25. Rxc8+ Rxc8 26. Ne1 Nc2 27. Nxc2 Rxc2 28. Ba3 Nf6 29. Qe1 b5 30. Qd1 Rc3 31. Nf1 bxa4 32. bxa4 Qc6 33. Rc1 h5 34. Rxc3 Qxc3 35. Bc1 Nd5 36. Bd2 Qd3 37. Qe1 Qb3 38. Bxa5 Qxa4 39. h3 Bf6 40. Bd2 Qc4 41. Nh2 e5 42. dxe5 dxe5 43. Qf2 exf4 44. Nf1 Kg7 45. Qf3 fxe3 46. Nxe3 Bd4 47. Kf2 Qc5 48. Ke2 Nxe3 49. Bxe3 Bxe3 50. Qxe3 Qxe3+ 51. Kxe3 Kf6 52. h4 Kf5 53. Kf3 f6 54. g3 g5 55. hxg5 fxg5 56. Kg2 Ke4 57. Kf2 Kd4 58. Kf3 Kd3 59. Kf2 0-1

[Event "Abe Yanofsky mem."]
[Site "Winnipeg CAN"]
[Date "2005.09.04"]
[Round "3"]
[White "Lipnowski, Irwin"]
[Black "Hughey, Micah"]
[Result "1-0"]
[WhiteElo "2252"]
[BlackElo "2007"]
[PlyCount "115"]
[GameId "2160767910900389"]
[EventDate "2005.09.03"]
[EventType "swiss"]
[EventRounds "6"]
[EventCountry "CAN"]
[SourceTitle "CBM 108 Extra"]
[Source "ChessBase"]
[SourceDate "2005.11.04"]
[SourceVersion "1"]
[SourceVersionDate "2005.11.04"]
[SourceQuality "1"]

1. d4 d5 2. c4 e6 3. Nc3 c5 4. cxd5 exd5 5. Nf3 Nc6 6. g3 Nf6 7. Bg2 cxd4 8. Nxd4 Qb6 9. Nxc6 bxc6 10. Qc2 Be7 11. O-O O-O 12. Be3 Qa6 13. h3 Be6 14. Na4 Ne4 15. Bxe4 dxe4 16. Bc5 Bxc5 17. Nxc5 Qc4 18. Qxc4 Bxc4 19. Nxe4 Bxe2 20. Rfe1 Bf3 21. Re3 Bxe4 22. Rxe4 Rfe8 23. Rxe8+ Rxe8 24. Rc1 Re6 25. Rd1 Kf8 26. Rd8+ Re8 27. Rd6 Re2 28. Rxc6 Rxb2 29. Rc8+ Ke7 30. Rc7+ Kf6 31. Rxa7 h5 32. h4 g6 33. Kg2 Rc2 34. Kf3 Rb2 35. Ke3 Rc2 36. a4 Ra2 37. a5 Ra4 38. Ra8 Ra3+ 39. Ke4 Ra2 40. Ra6+ Kg7 41. f3 Ra4+ 42. Ke5 Ra3 43. Kf4 Ra4+ 44. Ke5 Ra3 45. Ke4 Ra4+ 46. Kd5 Ra3 47. f4 Rxg3 48. Rc6 Ra3 49. a6 Ra4 50. Kc5 Rxf4 51. Kb5 Rf1 52. a7 Rb1+ 53. Ka6 Ra1+ 54. Kb7 Rxa7+ 55. Kxa7 f6 56. Rc7+ Kh6 57. Rf7 f5 58. Kb6 1-0

[Event "Abe Yanofsky mem."]
[Site "Winnipeg CAN"]
[Date "2005.09.04"]
[Round "3"]
[White "Lipnowski, Samuel"]
[Black "Kaptsan, Aron"]
[Result "1-0"]
[WhiteElo "2126"]
[BlackElo "1900"]
[PlyCount "155"]
[GameId "2160767910900390"]
[EventDate "2005.09.03"]
[EventType "swiss"]
[EventRounds "6"]
[EventCountry "CAN"]
[SourceTitle "CBM 108 Extra"]
[Source "ChessBase"]
[SourceDate "2005.11.04"]
[SourceVersion "1"]
[SourceVersionDate "2005.11.04"]
[SourceQuality "1"]

1. d4 d5 2. c4 c6 3. Nc3 e6 4. e3 f5 5. Nf3 Bd6 6. Bd3 Nd7 7. O-O Qf6 8. b3 Ne7 9. a4 O-O 10. Ba3 Bxa3 11. Rxa3 e5 12. dxe5 Nxe5 13. Nxe5 Qxe5 14. Qc2 dxc4 15. Bxc4+ Be6 16. Bxe6+ Qxe6 17. Raa1 f4 18. exf4 Rxf4 19. Rfe1 Qf7 20. Rad1 Rf8 21. f3 Nd5 22. Nxd5 cxd5 23. Qc5 d4 24. Rxd4 Rxd4 25. Qxd4 Re8 26. Rxe8+ Qxe8 27. Qd5+ Kh8 28. h3 Qe7 29. Qe4 Qd7 30. Qe5 Qd8 31. Kh2 h6 32. b4 b6 33. a5 bxa5 34. bxa5 a6 35. f4 Qd3 36. f5 Qd8 37. Qc5 Qb8+ 38. Kg1 Qb1+ 39. Kh2 Qb8+ 40. g3 Qb2+ 41. Kg1 Qb1+ 42. Kg2 Qe4+ 43. Kf2 Qd3 44. f6 Qd2+ 45. Kg1 Qe1+ 46. Kg2 Qe4+ 47. Kf2 gxf6 48. Qf8+ Kh7 49. Qf7+ Kh8 50. Qxf6+ Kh7 51. Qxa6 Qf5+ 52. Kg1 Qb1+ 53. Qf1 Qb3 54. Qf2 Qe6 55. Kh2 Qa6 56. Qc2+ Kg7 57. Qb2+ Kh7 58. Qb1+ Kg7 59. Qa1+ Kh7 60. Qa2 Kg7 61. h4 Kf8 62. Qf2+ Ke7 63. Qe3+ Kd7 64. Qd4+ Ke7 65. Qe5+ Kd7 66. h5 Kd8 67. Qd4+ Ke7 68. Qe4+ Kd7 69. Qh7+ Kd8 70. Qg6 Qxa5 71. Qxh6 Qf5 72. Qg6 Qf2+ 73. Kh3 Qf1+ 74. Kh4 Qh1+ 75. Kg5 Qc1+ 76. Kf6 Qc3+ 77. Kf7 Qb3+ 78. Kg7 1-0

[Event "Abe Yanofsky mem."]
[Site "Winnipeg CAN"]
[Date "2005.09.04"]
[Round "3"]
[White "Magyar, Peter"]
[Black "Enns, Edward"]
[Result "1-0"]
[WhiteElo "1685"]
[BlackElo "1235"]
[PlyCount "101"]
[GameId "2160767910900391"]
[EventDate "2005.09.03"]
[EventType "swiss"]
[EventRounds "6"]
[EventCountry "CAN"]
[SourceTitle "CBM 108 Extra"]
[Source "ChessBase"]
[SourceDate "2005.11.04"]
[SourceVersion "1"]
[SourceVersionDate "2005.11.04"]
[SourceQuality "1"]

1. e4 c5 2. Nc3 d6 3. g3 Nf6 4. Bg2 g6 5. f4 Nc6 6. Nf3 Bg7 7. O-O Rb8 8. d3 O-O 9. Be3 Qa5 10. a3 Ng4 11. Bd2 Qd8 12. Rb1 f5 13. exf5 Bxf5 14. Nd5 Be6 15. Ne3 Nxe3 16. Bxe3 Qd7 17. c3 Bg4 18. Qd2 e5 19. Ng5 Ne7 20. Rbe1 h6 21. Ne4 Bh3 22. Bxh3 Qxh3 23. Nxd6 Nf5 24. Nxf5 Rxf5 25. Bxc5 exf4 26. Bd6 Rd8 27. Bxf4 g5 28. Bc7 Qxf1+ 29. Rxf1 Rxf1+ 30. Kxf1 Rf8+ 31. Kg2 Rc8 32. Bd6 Rc6 33. Bb8 b5 34. Bxa7 Ra6 35. Qe3 b4 36. Qe8+ Kh7 37. Qe4+ Kh8 38. Bd4 bxa3 39. Bxg7+ Kxg7 40. Qe7+ Kg6 41. bxa3 Rb6 42. Qe4+ Kg7 43. Qd4+ Rf6 44. c4 h5 45. c5 Kg6 46. c6 h4 47. gxh4 Rxc6 48. Qe4+ Kh5 49. Qxc6 Kxh4 50. d4 Kg4 51. d5 1-0

[Event "Abe Yanofsky mem."]
[Site "Winnipeg CAN"]
[Date "2005.09.04"]
[Round "3"]
[White "Mu, Yuchen"]
[Black "Haessel, Dale"]
[Result "0-1"]
[WhiteElo "1990"]
[BlackElo "2254"]
[PlyCount "83"]
[GameId "2160767910900392"]
[EventDate "2005.09.03"]
[EventType "swiss"]
[EventRounds "6"]
[EventCountry "CAN"]
[SourceTitle "CBM 108 Extra"]
[Source "ChessBase"]
[SourceDate "2005.11.04"]
[SourceVersion "1"]
[SourceVersionDate "2005.11.04"]
[SourceQuality "1"]

1. e4 c5 2. Nc3 d6 3. f4 Nc6 4. g3 g6 5. Bg2 Bg7 6. Nge2 e5 7. O-O Nge7 8. d3 Nd4 9. h3 O-O 10. Rb1 Rb8 11. g4 exf4 12. Nxf4 b5 13. Nfd5 Nxd5 14. exd5 f5 15. gxf5 Nxf5 16. Ne4 Bd4+ 17. Kh1 Ne3 18. Bxe3 Bxe3 19. Qe2 Bf4 20. Rf3 Rf5 21. Rbf1 Be5 22. c3 Qe7 23. Ng3 Rxf3 24. Rxf3 Rb7 25. Ne4 Bf5 26. Qe1 b4 27. Ng3 Bxg3 28. Qxg3 bxc3 29. bxc3 Rb2 30. Re3 Qf6 31. a4 Kf7 32. Qf4 Rb7 33. Qh6 Qg7 34. Qh4 h5 35. Qd8 Qxc3 36. Qe8+ Kg7 37. Re7+ Rxe7 38. Qxe7+ Kh6 39. Qf8+ Qg7 40. Qxd6 Qd4 41. Qf8+ Kg5 42. Qe7+ 0-1

[Event "Abe Yanofsky mem."]
[Site "Winnipeg CAN"]
[Date "2005.09.04"]
[Round "3"]
[White "Pierre, Rolland"]
[Black "Wasserman, Leor"]
[Result "1-0"]
[WhiteElo "1537"]
[BlackElo "1181"]
[PlyCount "83"]
[GameId "2160767910900393"]
[EventDate "2005.09.03"]
[EventType "swiss"]
[EventRounds "6"]
[EventCountry "CAN"]
[SourceTitle "CBM 108 Extra"]
[Source "ChessBase"]
[SourceDate "2005.11.04"]
[SourceVersion "1"]
[SourceVersionDate "2005.11.04"]
[SourceQuality "1"]

1. e4 e5 2. Nf3 Nc6 3. Bb5 d6 4. O-O Bd7 5. c3 a6 6. Ba4 b5 7. Bc2 Bg4 8. Re1 Qf6 9. Re3 g6 10. d3 Bh6 11. Re1 Bxc1 12. Qxc1 Bxf3 13. gxf3 Qxf3 14. Re3 Qg4+ 15. Rg3 Qf4 16. Qe1 h5 17. Bd1 Nf6 18. Nd2 Ng4 19. h3 Nf6 20. Kf1 g5 21. Rf3 Qh2 22. Rxf6 Qxh3+ 23. Ke2 Qg4+ 24. Nf3 h4 25. Kd2 h3 26. Nxe5 Qc8 27. Nxc6 h2 28. Bf3 g4 29. Bg2 Qb7 30. Nd4 c5 31. Nf5 O-O-O 32. Nxd6+ Rxd6 33. Rxd6 f5 34. Qh1 f4 35. Rd5 f3 36. Bxf3 gxf3 37. Qxf3 Qh7 38. Rxc5+ Kb7 39. Rh1 Qh6+ 40. Kc2 Qh4 41. Qf7+ Kb6 42. Qc7# 1-0

[Event "Abe Yanofsky mem."]
[Site "Winnipeg CAN"]
[Date "2005.09.04"]
[Round "3"]
[White "Schulz, Waldemar"]
[Black "Nikouline, Alexandre"]
[Result "1-0"]
[WhiteElo "2057"]
[BlackElo "1922"]
[PlyCount "85"]
[GameId "2160767910900394"]
[EventDate "2005.09.03"]
[EventType "swiss"]
[EventRounds "6"]
[EventCountry "CAN"]
[SourceTitle "CBM 108 Extra"]
[Source "ChessBase"]
[SourceDate "2005.11.04"]
[SourceVersion "1"]
[SourceVersionDate "2005.11.04"]
[SourceQuality "1"]

1. Nf3 Nf6 2. c4 c5 3. g3 b6 4. Bg2 Bb7 5. O-O e6 6. Nc3 Be7 7. b3 O-O 8. Bb2 a6 9. d4 cxd4 10. Qxd4 Nc6 11. Qf4 d6 12. Rfd1 Qc7 13. Rac1 Rac8 14. Ba3 Rfd8 15. e4 Ne5 16. Ne1 Bc6 17. Nd5 Bxd5 18. cxd5 Qb8 19. Qe3 exd5 20. exd5 Bf8 21. Nd3 Ned7 22. Nb4 Re8 23. Qd2 Nc5 24. Nc6 Qb7 25. Re1 Rxe1+ 26. Rxe1 Qd7 27. Bb2 Qf5 28. Bxf6 gxf6 29. Qe2 Kg7 30. b4 Nd7 31. Be4 Qh3 32. Bg2 Qf5 33. Qxa6 Ne5 34. Nd4 Qg4 35. h3 Qd7 36. Qxb6 Ra8 37. Ra1 Ra3 38. b5 Be7 39. Nc6 Bf8 40. Qd4 Qb7 41. Qb4 Qa8 42. b6 Nd3 43. b7 1-0

[Event "Abe Yanofsky mem."]
[Site "Winnipeg CAN"]
[Date "2005.09.04"]
[Round "3"]
[White "Sigurdson, Matthew"]
[Black "De Groot, Steven"]
[Result "1-0"]
[WhiteElo "1115"]
[BlackElo "1604"]
[PlyCount "71"]
[GameId "2160767910900395"]
[EventDate "2005.09.03"]
[EventType "swiss"]
[EventRounds "6"]
[EventCountry "CAN"]
[SourceTitle "CBM 108 Extra"]
[Source "ChessBase"]
[SourceDate "2005.11.04"]
[SourceVersion "1"]
[SourceVersionDate "2005.11.04"]
[SourceQuality "1"]

1. e4 c5 2. c3 d5 3. exd5 Qxd5 4. d4 cxd4 5. Qxd4 Qxd4 6. cxd4 Nc6 7. Bb5 Bd7 8. Bxc6 Bxc6 9. f3 O-O-O 10. Ne2 Nf6 11. O-O e6 12. Rd1 e5 13. Nbc3 exd4 14. Nxd4 Bc5 15. Be3 Rhe8 16. Bf2 Nd5 17. Nxc6 Bxf2+ 18. Kxf2 bxc6 19. Ne4 f6 20. Re1 Nb4 21. Nd6+ Rxd6 22. Rxe8+ Kd7 23. Ra8 Rd2+ 24. Kf1 Rxb2 25. Rxa7+ Kd6 26. Rb7 Rxa2 27. Rxa2 Nxa2 28. Rxg7 c5 29. Ke1 h5 30. Rh7 Kd5 31. Rxh5+ Kd4 32. Kd2 c4 33. Rh4+ Kc5 34. Kc2 Nb4+ 35. Kb2 Nd3+ 36. Kc3 1-0

[Event "Abe Yanofsky mem."]
[Site "Winnipeg CAN"]
[Date "2005.09.04"]
[Round "3"]
[White "Tang, Edward"]
[Black "Rutter, Blair"]
[Result "1-0"]
[WhiteElo "1985"]
[BlackElo "1772"]
[PlyCount "55"]
[GameId "2160767910900396"]
[EventDate "2005.09.03"]
[EventType "swiss"]
[EventRounds "6"]
[EventCountry "CAN"]
[SourceTitle "CBM 108 Extra"]
[Source "ChessBase"]
[SourceDate "2005.11.04"]
[SourceVersion "1"]
[SourceVersionDate "2005.11.04"]
[SourceQuality "1"]

1. e4 e6 2. d4 d5 3. Nc3 Nf6 4. e5 Nfd7 5. f4 a6 6. Nf3 Be7 7. Be3 c5 8. Qd2 Nc6 9. O-O-O b5 10. dxc5 Nxc5 11. Qf2 Nd7 12. f5 Ndxe5 13. Nxe5 Nxe5 14. Bb6 Qd6 15. Bxb5+ Bd7 16. Bxd7+ Qxd7 17. Bd4 Bd6 18. Rhe1 Qc7 19. fxe6 fxe6 20. Qe2 Nc6 21. Qxe6+ Kd8 22. Bb6 Bf4+ 23. Kb1 Qxb6 24. Nxd5 Qd4 25. Rxd4 Nxd4 26. Qe4 Nxc2 27. Qxf4 Nxe1 28. Qc7+ 1-0

[Event "Abe Yanofsky mem."]
[Site "Winnipeg CAN"]
[Date "2005.09.04"]
[Round "3"]
[White "Thompson, Brian"]
[Black "Geley, Shawn"]
[Result "1-0"]
[WhiteElo "1864"]
[BlackElo "1540"]
[PlyCount "95"]
[GameId "2160767910900397"]
[EventDate "2005.09.03"]
[EventType "swiss"]
[EventRounds "6"]
[EventCountry "CAN"]
[SourceTitle "CBM 108 Extra"]
[Source "ChessBase"]
[SourceDate "2005.11.04"]
[SourceVersion "1"]
[SourceVersionDate "2005.11.04"]
[SourceQuality "1"]

1. e4 e5 2. Nf3 Nc6 3. Bc4 Bc5 4. c3 Bb6 5. d4 d6 6. dxe5 dxe5 7. Qxd8+ Nxd8 8. Nxe5 Be6 9. Bxe6 Nxe6 10. Nc4 Nf6 11. Nxb6 axb6 12. f3 Nc5 13. Na3 Nd3+ 14. Ke2 Ne5 15. Be3 O-O 16. Rhd1 h6 17. Nc2 Nc4 18. b3 Na3 19. Nxa3 Rxa3 20. Bc1 Ra5 21. Bb2 Rfa8 22. a4 Rh5 23. h3 Rh4 24. c4 Nh5 25. Be5 c6 26. Rd7 f6 27. Bc7 b5 28. cxb5 cxb5 29. g4 Rxh3 30. gxh5 Rxh5 31. Rd8+ Rxd8 32. Bxd8 bxa4 33. bxa4 Re5 34. Rd1 Rc5 35. a5 Rc2+ 36. Rd2 Rxd2+ 37. Kxd2 Kf7 38. Ke3 Ke6 39. Bc7 g5 40. f4 g4 41. f5+ Kd7 42. Bg3 Kc6 43. Bh4 Kb5 44. Bxf6 Kxa5 45. Bd8+ Kb4 46. f6 g3 47. f7 g2 48. Kf2 1-0

[Event "Abe Yanofsky mem."]
[Site "Winnipeg CAN"]
[Date "2005.09.04"]
[Round "3"]
[White "Trinidad, Kris"]
[Black "Plocek, Jaroslav"]
[Result "1-0"]
[WhiteElo "1378"]
[BlackElo "1532"]
[PlyCount "84"]
[GameId "2160767910900398"]
[EventDate "2005.09.03"]
[EventType "swiss"]
[EventRounds "6"]
[EventCountry "CAN"]
[SourceTitle "CBM 108 Extra"]
[Source "ChessBase"]
[SourceDate "2005.11.04"]
[SourceVersion "1"]
[SourceVersionDate "2005.11.04"]
[SourceQuality "1"]

1. e4 e6 2. d4 d6 3. c4 Nf6 4. Nc3 Be7 5. Nf3 O-O 6. Bd3 Nc6 7. O-O b6 8. Re1 Bb7 9. a3 Re8 10. Bg5 h6 11. Bh4 Nh7 12. Bg3 Bf8 13. Qc2 e5 14. Rad1 Ng5 15. Nxg5 Qxg5 16. d5 Nd4 17. Qb1 c6 18. Ne2 c5 19. b4 Bc8 20. Nxd4 cxd4 21. Qc1 Qd8 22. f4 Be7 23. fxe5 Bg5 24. Qc2 dxe5 25. c5 bxc5 26. bxc5 Be3+ 27. Rxe3 dxe3 28. Bb5 Re7 29. Qd3 Qa5 30. d6 Rb7 31. Bc6 Qxc5 32. Bxb7 e2+ 33. Bf2 exd1=Q+ 34. Qxd1 Qxf2+ 35. Kxf2 Bxb7 36. Ke3 Bc6 37. Qb3 Rd8 38. Qb4 Be8 39. Qc5 Rd7 40. Qxe5 Kf8 41. h4 f6 42. Qc5 Bh5 1-0

[Event "Abe Yanofsky mem."]
[Site "Winnipeg CAN"]
[Date "2005.09.04"]
[Round "3"]
[White "Vincent, Trevor"]
[Black "Matveeva, Svetlana"]
[Result "0-1"]
[WhiteElo "2034"]
[BlackElo "2464"]
[PlyCount "46"]
[GameId "2160767910900399"]
[EventDate "2005.09.03"]
[EventType "swiss"]
[EventRounds "6"]
[EventCountry "CAN"]
[SourceTitle "CBM 108 Extra"]
[Source "ChessBase"]
[SourceDate "2005.11.04"]
[SourceVersion "1"]
[SourceVersionDate "2005.11.04"]
[SourceQuality "1"]

1. c4 Nf6 2. g3 c6 3. Bg2 d5 4. Nf3 dxc4 5. Qc2 Qd5 6. Nc3 Qa5 7. O-O g6 8. b3 cxb3 9. Qxb3 Bg7 10. d4 O-O 11. e4 Nbd7 12. Ba3 Re8 13. Rfe1 Nf8 14. Ne5 Ne6 15. Nc4 Qh5 16. Ne2 Ng4 17. h3 Nxf2 18. Kxf2 Nxd4 19. Qd3 Nxe2 20. Qxe2 Qxe2+ 21. Kxe2 Bxa1 22. Rxa1 b6 23. Kd3 Be6 0-1

[Event "Abe Yanofsky mem."]
[Site "Winnipeg CAN"]
[Date "2005.09.04"]
[Round "3"]
[White "Wangen, Michael"]
[Black "Rekhson, Vladislav"]
[Result "1/2-1/2"]
[WhiteElo "1928"]
[BlackElo "2120"]
[PlyCount "52"]
[GameId "2160767910900400"]
[EventDate "2005.09.03"]
[EventType "swiss"]
[EventRounds "6"]
[EventCountry "CAN"]
[SourceTitle "CBM 108 Extra"]
[Source "ChessBase"]
[SourceDate "2005.11.04"]
[SourceVersion "1"]
[SourceVersionDate "2005.11.04"]
[SourceQuality "1"]

1. c4 c5 2. Nc3 Nf6 3. g3 g6 4. Bg2 Bg7 5. d3 O-O 6. Nf3 d6 7. O-O Nc6 8. Rb1 Ne8 9. Bd2 Nc7 10. a3 Rb8 11. Nb5 a6 12. Nxc7 Qxc7 13. Qc2 b5 14. cxb5 Rxb5 15. b4 Qd7 16. Rfc1 Bb7 17. bxc5 Rxc5 18. Qa4 Rxc1+ 19. Rxc1 Rc8 20. Be3 Ne5 21. Rxc8+ Bxc8 22. Qxd7 Bxd7 23. Nxe5 Bxe5 24. Bb6 Bb2 25. Bb7 Bb5 26. a4 Bxa4 1/2-1/2

[Event "Abe Yanofsky mem."]
[Site "Winnipeg CAN"]
[Date "2005.09.04"]
[Round "3"]
[White "Zhou, Lu"]
[Black "Thompson, David Seip"]
[Result "0-1"]
[WhiteElo "1805"]
[BlackElo "1367"]
[PlyCount "102"]
[GameId "2160767910900401"]
[EventDate "2005.09.03"]
[EventType "swiss"]
[EventRounds "6"]
[EventCountry "CAN"]
[SourceTitle "CBM 108 Extra"]
[Source "ChessBase"]
[SourceDate "2005.11.04"]
[SourceVersion "1"]
[SourceVersionDate "2005.11.04"]
[SourceQuality "1"]

1. d4 d5 2. c4 e6 3. Nc3 Nf6 4. Bg5 c6 5. e3 Bb4 6. Nf3 Qa5 7. Qc2 Ne4 8. Rc1 Qxa2 9. Be2 Bxc3+ 10. bxc3 Qxc2 11. Rxc2 Nxg5 12. Nxg5 f6 13. Nf3 Nd7 14. O-O a5 15. Ra2 b6 16. cxd5 exd5 17. Rfa1 Ba6 18. Bd1 Ke7 19. Nh4 g6 20. Bc2 Kf7 21. g4 Ra7 22. f3 Rha8 23. e4 Bc4 24. Ra3 b5 25. Ng2 Nb6 26. Ne3 a4 27. Kf2 Re8 28. h4 Rae7 29. Rg1 dxe4 30. fxe4 Bd5 31. Nxd5 cxd5 32. Rb1 Nc4 33. Ra2 Nd6 34. Kg3 Nxe4+ 35. Bxe4 Rxe4 36. Rxb5 Rc8 37. Rxa4 Rxc3+ 38. Kf2 Rxg4 39. Ra6 Rc7 40. Rxd5 Rxh4 41. Rdd6 f5 42. d5 Re4 43. Rf6+ Kg7 44. Rab6 Rd7 45. Rbd6 Rxd6 46. Rxd6 Kf7 47. Rd7+ Re7 48. Rd6 Ke8 49. Kf3 Rd7 50. Re6+ Kf7 51. Re5 Re7 0-1

[Event "Abe Yanofsky mem."]
[Site "Winnipeg CAN"]
[Date "2005.09.04"]
[Round "4"]
[White "Anderson, George"]
[Black "Curtis, Rory"]
[Result "0-1"]
[WhiteElo "1486"]
[BlackElo "1702"]
[PlyCount "120"]
[GameId "2160767910900402"]
[EventDate "2005.09.03"]
[EventType "swiss"]
[EventRounds "6"]
[EventCountry "CAN"]
[SourceTitle "CBM 108 Extra"]
[Source "ChessBase"]
[SourceDate "2005.11.04"]
[SourceVersion "1"]
[SourceVersionDate "2005.11.04"]
[SourceQuality "1"]

1. e4 e5 2. d4 exd4 3. Nf3 Nf6 4. e5 Ne4 5. Qxd4 d5 6. exd6 Nxd6 7. Bc4 Nc6 8. Qe3+ Be7 9. Bd3 O-O 10. O-O Nf5 11. Qf4 Bd6 12. Qg5 f6 13. Qd2 Nh6 14. Nc3 Bg4 15. Qd1 Nf7 16. Bc4 Nce5 17. Be2 Ng6 18. Nb5 Bc5 19. Qxd8 Raxd8 20. h3 Bf5 21. c3 c6 22. Nbd4 Bc8 23. Bc4 Rfe8 24. Bd2 Kf8 25. Rae1 Nge5 26. Bxf7 Kxf7 27. Nxe5+ fxe5 28. Nf3 e4 29. Ng5+ Kg6 30. Bc1 e3 31. Rd1 e2 32. Rxd8 exf1=Q+ 33. Kxf1 Rxd8 34. Ke2 Bf5 35. g4 Re8+ 36. Kf3 Bc2 37. h4 Bd1+ 38. Kg3 h6 39. h5+ Kf6 40. Nh3 Bd6+ 41. f4 g5 42. hxg6 Kxg6 43. g5 hxg5 44. Nxg5 Kf5 45. Nh3 Rg8+ 46. Kf2 Bg4 47. Ng5 Bxf4 48. Bxf4 Kxf4 49. Nf7 Bh3 50. b4 Rg2+ 51. Ke1 Ke3 52. Kd1 Bf5 53. Kc1 Kd3 54. a4 Kxc3 55. Kd1 Bc2+ 56. Ke1 Bxa4 57. Nd6 Kxb4 58. Nxb7 c5 59. Nd6 c4 60. Nf5 c3 0-1

[Event "Abe Yanofsky mem."]
[Site "Winnipeg CAN"]
[Date "2005.09.04"]
[Round "4"]
[White "Corsmeier, Tom"]
[Black "Klassen, Paul"]
[Result "0-1"]
[WhiteElo "1586"]
[BlackElo "1461"]
[PlyCount "125"]
[GameId "2160767910900403"]
[EventDate "2005.09.03"]
[EventType "swiss"]
[EventRounds "6"]
[EventCountry "CAN"]
[SourceTitle "CBM 108 Extra"]
[Source "ChessBase"]
[SourceDate "2005.11.04"]
[SourceVersion "1"]
[SourceVersionDate "2005.11.04"]
[SourceQuality "1"]

1. e4 c5 2. Nc3 Nc6 3. f4 d6 4. Nf3 Nf6 5. Be2 g6 6. d3 Bg7 7. O-O b6 8. Ng5 h6 9. Nf3 e6 10. Bd2 Bb7 11. Nb5 a6 12. Nc3 Nd7 13. a3 Nd4 14. Be3 Nxe2+ 15. Qxe2 Qc7 16. f5 d5 17. exd5 gxf5 18. dxe6 fxe6 19. Bd2 e5 20. Nh4 O-O-O 21. Nxf5 Bf6 22. Ne4 Rdg8 23. Ned6+ Kb8 24. Nxb7 Qxb7 25. Rf2 Rg6 26. Nd6 Qd5 27. Ne4 Bd8 28. c4 Qc6 29. b4 Rhg8 30. a4 Bh4 31. Rf3 Rxg2+ 32. Qxg2 Rxg2+ 33. Kxg2 cxb4 34. Bxb4 Qe6 35. Raf1 Qg4+ 36. Kh1 Kc7 37. a5 Qe6 38. Bd6+ Kb7 39. axb6 Kxb6 40. Rf7 Bg5 41. Rb1+ Kc6 42. Rf2 Qh3 43. Ra1 Kb7 44. Nc5+ Nxc5 45. Bxc5 Qxd3 46. Re1 Bf4 47. Rb2+ Kc6 48. Bf2 Qxc4 49. Rb6+ Kd5 50. Rd1+ Ke4 51. Rd4+ exd4 52. Kg2 d3 53. Rd6 d2 54. Kh3 Qd4 55. Rxd4+ Kf3 56. Bh4 Ke2 57. Rxf4 d1=Q 58. Rf2+ Ke3 59. Kg2 a5 60. Bf6 a4 61. Rf1 Qe2+ 62. Kg1 a3 63. Rf3+ 0-1

[Event "Abe Yanofsky mem."]
[Site "Winnipeg CAN"]
[Date "2005.09.04"]
[Round "4"]
[White "De Groot, Steven"]
[Black "Plocek, Jaroslav"]
[Result "1-0"]
[WhiteElo "1604"]
[BlackElo "1532"]
[PlyCount "59"]
[GameId "2160767910900404"]
[EventDate "2005.09.03"]
[EventType "swiss"]
[EventRounds "6"]
[EventCountry "CAN"]
[SourceTitle "CBM 108 Extra"]
[Source "ChessBase"]
[SourceDate "2005.11.04"]
[SourceVersion "1"]
[SourceVersionDate "2005.11.04"]
[SourceQuality "1"]

1. e4 e5 2. Nf3 Nc6 3. Bb5 Nf6 4. O-O Bc5 5. c3 d6 6. Re1 O-O 7. d4 exd4 8. cxd4 Bb6 9. h3 Bd7 10. Bg5 Re8 11. Nc3 a6 12. Ba4 h6 13. Bh4 g5 14. Bg3 g4 15. hxg4 Nxg4 16. Bh4 Ne7 17. Bc2 Qc8 18. Qd3 Ng6 19. Bg3 Bc6 20. Nh4 Qd8 21. Nxg6 fxg6 22. e5 Qg5 23. d5 Bd7 24. e6 Bb5 25. Nxb5 axb5 26. Qxg6+ Qxg6 27. Bxg6 Re7 28. Bh4 Rg7 29. Bh5 Rf8 30. e7 1-0

[Event "Abe Yanofsky mem."]
[Site "Winnipeg CAN"]
[Date "2005.09.04"]
[Round "4"]
[White "Enns, Edward"]
[Black "Bist, Jordan"]
[Result "1-0"]
[WhiteElo "1235"]
[BlackElo "1218"]
[PlyCount "47"]
[GameId "2160767910900406"]
[EventDate "2005.09.03"]
[EventType "swiss"]
[EventRounds "6"]
[EventCountry "CAN"]
[SourceTitle "CBM 108 Extra"]
[Source "ChessBase"]
[SourceDate "2005.11.04"]
[SourceVersion "1"]
[SourceVersionDate "2005.11.04"]
[SourceQuality "1"]

1. e4 e5 2. Nf3 d6 3. Bc4 Be6 4. Bxe6 fxe6 5. d4 exd4 6. Nxd4 e5 7. Ne6 Qe7 8. Nxf8 Qxf8 9. O-O Nc6 10. f4 Qe7 11. fxe5 O-O-O 12. Qg4+ Kb8 13. Bg5 Qd7 14. Qxd7 Rxd7 15. Rf8+ Nd8 16. Bxd8 a6 17. Bf6+ Ka7 18. e6 Nxf6 19. Rxh8 Re7 20. Nc3 Rxe6 21. Nd5 Nxe4 22. Nxc7 Re7 23. Ra8+ Kb6 24. Nd5+ 1-0

[Event "Abe Yanofsky mem."]
[Site "Winnipeg CAN"]
[Date "2005.09.04"]
[Round "4"]
[White "Geley, Shawn"]
[Black "Kwiatek, Jordan"]
[Result "1/2-1/2"]
[WhiteElo "1540"]
[BlackElo "1724"]
[PlyCount "56"]
[GameId "2160767910900407"]
[EventDate "2005.09.03"]
[EventType "swiss"]
[EventRounds "6"]
[EventCountry "CAN"]
[SourceTitle "CBM 108 Extra"]
[Source "ChessBase"]
[SourceDate "2005.11.04"]
[SourceVersion "1"]
[SourceVersionDate "2005.11.04"]
[SourceQuality "1"]

1. e4 c5 2. Nf3 g6 3. c3 Bg7 4. d4 cxd4 5. cxd4 d5 6. e5 Nc6 7. Nc3 Bg4 8. Bb5 Nh6 9. h3 Bxf3 10. Qxf3 O-O 11. Be3 e6 12. O-O Nf5 13. Ne2 f6 14. exf6 Rxf6 15. Qg4 h5 16. Qf4 Bh6 17. Qh2 Nxe3 18. fxe3 Bxe3+ 19. Kh1 Nxd4 20. Qe5 Rxf1+ 21. Rxf1 Qb6 22. Qf6 e5 23. Qf7+ Kh8 24. Be8 Bh6 25. Rf6 Nxe2 26. Rxb6 axb6 27. Qxg6 Bg7 28. Qxh5+ Kg8 1/2-1/2